[Event "Udine Oro Caffe op 2nd"]
[Site "Udine"]
[Date "2009.07.06"]
[Round "1"]
[White "Del Forno Sinicco, Michele"]
[Black "Gaspardo, Francesco"]
[Result "1-0"]
[WhiteElo "1535"]
[BlackElo "1978"]
[PlyCount "63"]
[EventDate "2009.07.06"]
[EventType "swiss"]
[EventRounds "7"]
[EventCountry "ITA"]
[SourceTitle "EXT 2011"]
[Source "ChessBase"]
[SourceDate "2010.11.26"]
[SourceVersion "1"]
[SourceVersionDate "2010.11.26"]
[SourceQuality "1"]

1. Nf3 Nf6 2. c4 d6 3. d4 g6 4. g3 Bg7 5. Bg2 0-0 6. 0-0 Nbd7 7. Nc3 e5 8. dxe5 dxe5 9. e4 c6 10. Qc2 Qe7 11. Bg5 h6 12. Be3 b6 13. Rfd1 Ng4 14. Bc1 Bb7 15. b3 Rad8 16. Bb2 h5 17. h3 Ngf6 18. Qc1 Nc5 19. Qe3 Nfd7 20. Ba3 f5 21. Qg5 Qe6 22. Bxc5 bxc5 23. Nh4 Rf6 24. Nxg6 Re8 25. Nh4 f4 26. Nf5 Rg6 27. Qxh5 fxg3 28. Rxd7 gxf2+ 29. Kxf2 Rxg2+ 30. Kxg2 Qxd7 31. Rd1 Qe6 32. Rd6 1-0